000 00301nam a22001337a 4500
020 _qPB.
040 _cFIZZA ISHAQ
082 _a333.91
_bJ.A.A
100 _aJONES,A.A.J.
_989147
245 _aWATER SUSTAINABILITY /
_cJ.A.A.JONES.
260 _aITLY
_c2010.
300 _a452 P. ;
942 _2ddc
_cBK
999 _c587967
_d587967